MARC details
| 000 -CABECERA |
| campo de control de longitud fija |
02511nam a2200361 a 4500 |
| 003 - IDENTIFICADOR DEL NÚMERO DE CONTROL |
| campo de control |
CHAP |
| 005 - FECHA Y HORA DE LA ÚLTIMA TRANSACCIÓN |
| campo de control |
20230314181021.0 |
| 007 - CAMPO FIJO DE DESCRIPCIÓN FÍSICA--INFORMACIÓN GENERAL |
| campo de control de longitud fija |
ta |
| 008 - DATOS DE LONGITUD FIJA--INFORMACIÓN GENERAL |
| campo de control de longitud fija |
230308s2017 sp do||f |||| 001 0 spa d |
| 020 ## - NÚMERO INTERNACIONAL ESTÁNDAR DEL LIBRO |
| Número Internacional Estándar del Libro |
978-84-16898-12-1 |
| 040 ## - FUENTE DE LA CATALOGACIÓN |
| Centro catalogador/agencia de origen |
mxchpua |
| Centro/agencia transcriptor |
CHAP |
| Normas de descripción |
rda |
| 050 10 - SIGNATURA TOPOGRÁFICA DE LA BIBLIOTECA DEL CONGRESO |
| Número de clasificación |
LB2324 |
| Número de documento/Ítem |
.M38 2017 |
| 082 00 - NÚMERO DE LA CLASIFICACIÓN DECIMAL DEWEY |
| Número de edición |
20 |
| Número de clasificación |
378.17 |
| Número de documento/Ítem |
M39 2017 |
| 100 1# - ENTRADA PRINCIPAL--NOMBRE DE PERSONA |
| 9 (RLIN) |
186343 |
| Nombre de persona |
Mayor, Iván |
| Término indicativo de función/relación |
autor |
| 245 10 - MENCIÓN DE TÍTULO |
| Título |
Gestión del talento en la universidad : |
| Resto del título |
de la clase magistral al desarrollo estratégico de las competencias / |
| Mención de responsabilidad, etc. |
Iván Mayor |
| 250 ## - MENCIÓN DE EDICIÓN |
| Mención de edición |
1a edición |
| 264 ## - PRODUCCIÓN, PUBLICACIÓN, DISTRIBUCIÓN, FABRICACIÓN Y COPYRIGHT |
| Producción, publicación, distribución, fabricación y copyright |
España : |
| Nombre del de productor, editor, distribuidor, fabricante |
Dextra, |
| Fecha de producción, publicación, distribución, fabricación o copyright |
2017 |
| 300 ## - DESCRIPCIÓN FÍSICA |
| Extensión |
253 páginas : |
| Otras características físicas |
ilustraciones, gráficas, diagramas, tablas, fotos |
| 336 ## - TIPO DE CONTENIDO |
| Fuente |
rdacontent |
| Término de tipo de contenido |
texto |
| Código de tipo de contenido |
txt |
| 337 ## - TIPO DE MEDIO |
| Fuente |
rdamedia |
| Nombre/término del tipo de medio |
sin medio |
| Código del tipo de medio |
n |
| 338 ## - TIPO DE SOPORTE |
| Fuente |
rdacarrier |
| Nombre/término del tipo de soporte |
volumen |
| Código del tipo de soporte |
nc |
| 504 ## - NOTA DE BIBLIOGRAFÍA, ETC. |
| Nota de bibliografía, etc. |
Bibliografía : p. 243-253 |
| 520 ## - SUMARIO, ETC. |
| Sumario, etc. |
A pesar de los grandes avances de la tecnología, de la innovación docente, del desarrollo de competencias y de todos los esfuerzos de sistematización realizados en el área de la gestión del talento, no se cuenta aún con un marco teórico suficientemente desarrollado para mejorar el potencial del estudiante universitario. La gestión del talento en la universidad no es un asunto de profesores dedicados a la innovación docente, o de la gestión de extraordinarias partidas presupuestarias, sino de seres humanos interesados en optimizar sus prácticas profesionales y dar un valor añadido al rol del docente. Un rol en el que la clase se transforma en un desarrollo estratégico de las competencias profesionales. De esta manera, el docente contribuye a que el alumno identifique, desarrolle y finalmente aplique su talento en el lugar en el que le toque desarrollar su carrera profesional para conseguir una sociedad mejor. Es aquí donde cobra fuerza e importancia el aporte que presenta este libro, que aborda una metodología docente centrada en desarrollar todo el potencial del estudiante universitario. En sus páginas se aborda la metodología mediante explicaciones teóricas que facilitan la comprensión y ejercicios prácticos para que el pedagogo pueda aplicarlos en sus clases. |
| 650 13 - PUNTO DE ACCESO ADICIONAL DE MATERIA--TÉRMINO DE MATERIA |
| 9 (RLIN) |
35599 |
| Término de materia o nombre geográfico como elemento de entrada |
Educación superior |
| 650 13 - PUNTO DE ACCESO ADICIONAL DE MATERIA--TÉRMINO DE MATERIA |
| 9 (RLIN) |
116595 |
| Término de materia o nombre geográfico como elemento de entrada |
Universidades |
| 650 13 - PUNTO DE ACCESO ADICIONAL DE MATERIA--TÉRMINO DE MATERIA |
| 9 (RLIN) |
157821 |
| Término de materia o nombre geográfico como elemento de entrada |
Investigación educativa |
| 650 13 - PUNTO DE ACCESO ADICIONAL DE MATERIA--TÉRMINO DE MATERIA |
| 9 (RLIN) |
161446 |
| Término de materia o nombre geográfico como elemento de entrada |
Programas educacionales |
| 650 13 - PUNTO DE ACCESO ADICIONAL DE MATERIA--TÉRMINO DE MATERIA |
| 9 (RLIN) |
157820 |
| Término de materia o nombre geográfico como elemento de entrada |
Higher education |
| 650 13 - PUNTO DE ACCESO ADICIONAL DE MATERIA--TÉRMINO DE MATERIA |
| 9 (RLIN) |
150084 |
| Término de materia o nombre geográfico como elemento de entrada |
Universities |
| 650 13 - PUNTO DE ACCESO ADICIONAL DE MATERIA--TÉRMINO DE MATERIA |
| 9 (RLIN) |
157819 |
| Término de materia o nombre geográfico como elemento de entrada |
Educational research |
| 650 13 - PUNTO DE ACCESO ADICIONAL DE MATERIA--TÉRMINO DE MATERIA |
| 9 (RLIN) |
161443 |
| Término de materia o nombre geográfico como elemento de entrada |
Education programs |
| 942 ## - ELEMENTOS DE PUNTO DE ACCESO ADICIONAL (KOHA) |
| Fuente del sistema de clasificación o colocación |
Dewey Decimal Classification |
| Tipo de ítem Koha |
|